LEADER 01333nam a2200301 u 4500 001 000000010006 003 CaOOAMICUS 005 20070226105252.0 008 940516s1989 de u000 u ger u 020 $a3-88096-573-0 035 $a10248855 040 $aPUL$bita 100 1 $aEder, Joachim.$0(OLS)http://pul/name/9851 245 14$aDer Begriff "foedus matrimoniale" im Eherecht des CIC /$cJoachim Eder. 260 $aSt. Ottilien :$bEOS Verlag Erzabtei St. Ottilien,$c1989. 300 $axxii, 109 p. ;$c21 cm 490 1 $aDissertationen.$aKanonistische Reihe ;$vBd. 3 504 $a"Quellen- und Literaturverzeichnis": p. vii-xviii. 650 4$aMatrimonio (diritto canonico).$0(OLS)http://pul/subject/475 830 0$aDissertationen.$pKanonistische Reihe ;$vBd. 3.$0(OLS)http://pul/title/9673 850 $aPUL 852 $aPUL$W1$xSL Diritto Canonico 1$y5$m152 B 128$j14210$nBK-PRI$b $qStampati$B14210$CPULBib$Z2$F14210 $H $81 941 1 $a8 960 $aDiritto matrimoniale canonico$9475 961 $aINV: 65115 996 $6020$a3-88096-573-0$9(OLS)http://pul/number/12862 996 $6245$aDer Begriff "foedus matrimoniale" im Eherecht des CIC$9(OLS)http://pul/title/14650 996 $6260$aSt. Ottilien :$bEOS Verlag Erzabtei St. Ottilien$9(OLS)http://pul/publisher/51355 LEADER 01666nam a2200361 u 4500 001 000000016303 003 CaOOAMICUS 005 20070226105958.0 008 940513m19861988it u000 u ita u 020 $a881630135X (v.1) 020 $a8816301546 (v.2) 035 $a10382296 040 $aBAV$bita$dBAV$dPUL(R) 100 1 $aPenco, Gregorio,$cO.S.B.,$d1926-$0(OLS)http://pul/name/5504 245 10$aStoria della Chiesa in Italia nell'età contemporanea /$cGregorio Penco. 260 $aMilano :$bJaca Book,$c1986-1988. 300 $a2 v. ;$c25 cm 490 1 $aGià e non ancora ;$v135,154 490 1 $aComplementi alla Storia della Chiesa 500 $aComprende indice. 504 $aBibliografia in nota. 505 0 $av. 1. 1919-1945: dalla crisi liberale alla democrazia. -- v. 2. 1945-1965: Verso il Concilio Vaticano II. 610 24$aChiesa cattolica$zMarche$xStoria$ySec. XX.$0(OLS)http://pul/subject/11560 651 4$aItalia$xStoria ecclesiastica$ySec. XX.$0(OLS)http://pul/subject/11561 830 0$aComplementi alla Storia della Chiesa.$0(OLS)http://pul/title/23273 830 0$aGià e non ancora ;$v135,154.$0(OLS)http://pul/title/129 850 $aPUL 852 $aPUL$W1$xSL Cons. Gen., Altre Classi 1$y1$m1395.A$j9322$nBK-PRI$b $qStampati$B22973$CPULBib$Z2$F22973 $H59330-59331 $81 941 1 $a8 996 $6020$a881630135X (v.1)$9(OLS)http://pul/number/20853 996 $6020$a8816301546 (v.2)$9(OLS)http://pul/number/20854 996 $6245$aStoria della Chiesa in Italia nell'età contemporanea$9(OLS)http://pul/title/23274 996 $6260$aMilano :$bJaca Book$9(OLS)http://pul/publisher/47900